000 00513nam a2200181 a 4500
005 20240920064539.0
008 991125s1969 ea 000 0 eng u
035 _aUPN01000007497
049 _aCG
050 4 _aLA219
_bH5.2
100 1 _aHigginson, J. H.
245 1 0 _aChanging thought in primary and secondary education /
_cJ. H. Higginson.
260 _aLondon :
_bMacMillan,
_c1969.
300 _a145 p.
440 0 _aBasic books in education
650 4 _aEducación
_zGran BretaƱa
_913394
905 _aLibro
999 _c7497
_d7497